Movies Quiz

Random Movies or Quote Quiz

Name the Zane Quiz Stats

 Plays Quiz not verified by Sporcle

Also try: Movies of 1981
Challenge
Share
Tweet
Embed
Score 0/7 Timer 06:00
0 Plays Today
Quote Film % Correct
'Where are you going? To him? To be a **** to a gutter rat? 'Titanic
90.9%
'Hey Derek, back on top man'Zoolander
60.6%
'What is this, a ship full of women? 'The Phantom
42.4%
'Sonny, we can do this the easy way or the hard way'Back to the Future Part II
12.1%
'Ma'am... I would gladly, but I fear my ankle is twisted'Orlando
12.1%
'Got it out of the catalogue when I was with D.C. SWAT. We called it 'Gucciflage'. 'Sniper
12.1%
'One gets work readily when the penalty for failure was a clubbing. You learn not to take 'no' for an answer. 'This World, Then the Fireworks
6.1%

You're not logged in!

Compare scores with friends on all Sporcle quizzes.
Join for Free
OR
Log In

You Might Also Like...

Show Comments

Extras

Created Oct 10, 2010ReportNominate
Tags:Quote Quiz, billy, character

Top Quizzes Today


Score Distribution

Your Account Isn't Verified!

In order to create a playlist on Sporcle, you need to verify the email address you used during registration. Go to your Sporcle Settings to finish the process.

Report this User

Report this user for behavior that violates our Community Guidelines.

Details: